000
00323nam a22001337a 4500
008
170607b xxu||||| |||| 00| 0 eng d
020
_a
9780521719902
041
_a
eng
080
_a
327
100
_a
18
101
_a
SHP
245
_a
THE EUROPENA POLITICS IN THE AGES GLOBALIZATION
_c
KRIESI.H
942
_2
udc
_c
BK
999
_c
16265
_d
16265